LEADER 01447nam a2200325 u 4500 001 000000031594 003 CaOOAMICUS 005 20150622145337.0 008 971006s1973 it u000 u ita u 035 $a10771599 040 $aPUL$bita 041 0 $aita$hger 130 0 $aBiblia.$pN.T.$pActus apostolorum.$lItaliano.$0(OLS)http://pul/title/31670 245 14$aGli Atti degli Apostoli /$ccommento di Gustav Stählin ; traduzione italiana di Bruno Liverani ; edizione italiana a cura di Enzo Gatti. 260 $aBrescia :$bPaideia,$c1973. 300 $a601 p.$c21 cm 490 1 $aNuovo Testamento ;$v5 700 1 $aStählin, Gustav.$tApostelgeschichte$lItaliano.$0(OLS)http://pul/name/25197 700 1 $aGatti, Enzo.$0(OLS)http://pul/name/12204 700 1 $aLiverani, Bruno.$0(OLS)http://pul/name/19450 830 0$aNuovo Testamento (Paideia) ;$v5.$0(OLS)http://pul/title/37005 850 $aPUL 852 $aPUL$W1$xSL Religione 1$y3$m1(7) M 12$j43623$nBK-PRI$b $qStampati$B43623$CPULBib$Z2$F43623 $H $81 852 $aPUL$W1$xDP1 Fondo S. Lanza$y121$m3 B 94.5$j166309$qFondi$B166898$CPULBib$Z2$F166898 $HLAN2438 $82 941 1 $a8 941 1 $a1 961 $aINV: 39457 961 $aNota ms. di possesso: Sergio Lanza 996 $6245$aGli Atti degli Apostoli$9(OLS)http://pul/title/43452 996 $6260$aBrescia :$bPaideia$9(OLS)http://pul/publisher/47884 LEADER 01745nam a2200361 a 4500 001 000000147855 003 CaOOAMICUS 005 20151201135653.0 008 151201s2015 it u000 u ita r 020 $a978-88-7470-436-1* 032 $aLibriCat 040 $aPUL$bita 041 1 $aita$hger 082 04$a115.092 100 1 $aHerrmann, Friedrich-Wilhelm von,$b1934-2022.$0(OLS)http://pul/name/86483 240 10$aAugustinus und die phänomenologische Frage nach der Zeit.$lItaliano.$0(OLS)http://pul/title/186579 245 10$aAgostino e la domanda fenomenologica sul tempo /$cFriedrich-Wilhelm von Herrmann ; traduzione italiana di Donatella Colantuono ; a cura di Costantino Esposito. 260 $aBari :$bEdizioni di Pagina,$c2015. 300 $aXII, 163 p. ;$c20 cm. 490 1 $aBiblioteca filosofica di Quaestio ;$v22 600 04$aAugustinus,$cs., vesc. d'Ippona,$d354-430$tConfessiones.$0(OLS)http://pul/subject/8508 650 4$aFenomenologia$xStudi.$0(OLS)http://pul/subject/39462 700 1 $aEsposito, Costantino,$d1955-$0(OLS)http://pul/name/34411 700 1 $aColantuono, Donatella.$0(OLS)http://pul/name/94460 830 0$aBiblioteca filosofica di Quaestio ;$v22.$0(OLS)http://pul/title/147279 850 $aPUL 852 $aPUL$W1$xSL Filosofia 3$y81$m115. 092 HERFR 1$j170692$qDDC 21$B171668$CPULBib$Z2$F171668 $H126558 $81 941 1 $a9 996 $6020$a978-88-7470-436-1*$9(OLS)http://pul/number/159117 996 $6082$a115.092$9(OLS)http://pul/classification/2860 996 $6245$aAgostino e la domanda fenomenologica sul tempo$9(OLS)http://pul/title/186581 996 $6260$aBari :$bEdizioni di Pagina$9(OLS)http://pul/publisher/80667